| 000 | 00780nam a2200241 a 4500 | ||
|---|---|---|---|
| 008 | |||
| 020 | _a1899825517 (pbk.) | ||
| 049 | _aMAIN | ||
| 090 | _aHD242.9 | ||
| 245 | 1 | 0 |
_aEvolving land rights, policy and tenure in Africa / _cedited by Camilla Toulmin and Julian Quan |
| 260 |
_aLondon : _bInternational Institute for Environment and Development, _c2000. |
||
| 300 |
_axii, 324 p. ; _c24 cm. |
||
| 504 | _aIncludes bibliographical references: p. 297-324. | ||
| 650 |
_aLand reform _zAfrica. |
||
| 650 | 1 |
_aLand tenure _zAfrica. |
|
| 700 | _aQuan, Julian | ||
| 700 | _aToulmin, Camilla | ||
| 907 |
_a.b10086109 _b18-08-03 _c18-08-03 |
||
| 003 | |||
| 005 | 20230123133400.0 | ||
| 040 | _cNUST | ||
| 942 |
_cBOOKS _kHD242.9 |
||
| 999 |
_c147621 _d147621 |
||